000 00363nam a2200145Ia 4500
008 231217s9999 xx 000 0 und d
041 _aEnglish
082 _a001.6424SQL VAS;1 R
100 _aVaswani, Vikram
245 0 _aMySQL : the complete reference
260 _c2004
_bTMH
_aNew Delhi
300 _axx+550
650 _aMySQL,:,complete
942 _cAA
999 _c172180
_d172180